header

Environmental public health impacts of disasters (Record no. 140721)

MARC details
000 -LEADER
fixed length control field 01600nam a2200325Ia 4500
245 00 - TITLE STATEMENT
Title Environmental public health impacts of disasters
260 ## - PUBLICATION, DISTRIBUTION, ETC. (IMPRINT)
Place of publication Washington, D.C. :
Name of publisher National Academies Press,
Year of publication c2007.
300 ## - PHYSICAL DESCRIPTION
Number of Pages xii, 88 p. :
Other physical details ill., maps.
650 #0 - SUBJECT ADDED ENTRY--TOPICAL TERM
Topical Term Hurricane Katrina, 2005.
Topical Term Emergency management
Topical Term Natural disasters
700 1# - ADDED ENTRY--PERSONAL NAME
Personal name Goldman, Lynn.
Personal name Coussens, Christine.
856 40 - ELECTRONIC LOCATION AND ACCESS
Uniform Resource Identifier http://site.ebrary.com/lib/rucke/Doc?id=10178152

No items available.

© 2026 Rongo University
Contact us: librarian | system librarian | Rongo university